F1 Drivers in 2026 - Statistiques

Statistiques générales
  • Ce quiz a été pris 136 fois
  • Le résultat moyen est 20 sur 22
Statistiques - réponses
Team Driver % Correct
Mercedes-AMG Petronas Andrea Kimi Antonelli
100%
McLaren Lando Norris
99%
Scuderia Ferrari Lewis Hamilton
99%
Red Bull Racing Max Verstappen
99%
Alpine Pierre Gasly
99%
McLaren Oscar Piastri
98%
Scuderia Ferrari Charles Leclerc
97%
Red Bull Racing Isack Hadjar
97%
Haas Formula 1 Team Esteban Ocon
95%
Aston Martin Fernando Alonso
93%
Mercedes-AMG Petronas George Russell
93%
Williams Racing Carlos Sainz
89%
Audi Revolut F1 Team Nico Hulkenberg
88%
Cadillac F1 Team Sergio Pérez
88%
Racing Bulls Liam Lawson
87%
Cadillac F1 Team Valtteri Bottas
87%
Aston Martin Lance Stroll
86%
Haas Formula 1 Team Oliver Bearman
86%
Williams Racing Alexander Albon
85%
Alpine Franco Colapinto
84%
Audi Revolut F1 Team Gabriel Bortoleto
79%
Racing Bulls Arvid Lindblad
56%
Aucun quiz correspondant
Distribution des résultats
% des personnes avec chaque résultat
Percentile par nombre de réponses
Votre historique - résultats
Vous n’avez pas pris ce quiz